Missing Letters Capitals Adventure Quiz Stats

 Plays Quiz Updated May 17, 2016

Challenge
Share
Tweet
Embed
Score 0/30 Timer 05:00
4 Plays Today
Hint Answer % Correct
Finland: ___sinkiHEL
99.1%
Greece: A___nsTHE
94.4%
China: Beij___ING
93.6%
New Zealand: ___lingtonWEL
91.6%
Pakistan: Is___abadLAM
90.4%
Jamaica: King__onST
90.2%
Syria: Dama__usSC
90.1%
Tunisia: T__isUN
86.9%
Bolivia: La P__AZ
85.9%
Somalia: Mog___shu ADI
79.1%
Cyprus: N__osiaIC
78.7%
Sudan: Khar__umTO
77.8%
Lithuania: Vil__usNI
75.4%
Kosovo: Pris__naTI
74.6%
Guinea-Bissau: ___sauBIS
74.5%
Hint Answer % Correct
Angola: Lu___aAND
72.5%
Guinea: __nakryCO
72.1%
Malawi: Li__ngweLO
71.2%
Chad: N'Dja__naME
69.4%
Uzbekistan: Tas__entHK
69.1%
Moldova: Chisin__AU
68.4%
Namibia: Windho__EK
66.9%
Saint Kitts and Nevis: Bas__terreSE
63%
Suriname: ___amariboPAR
62.9%
Central African Republic: Ba__uiNG
61.3%
Tuvalu: __nafutiFU
58.1%
Brunei: Bandar Seri __gawanBE
57.3%
Sri Lanka: Sri Jayaward__epura KotteEN
56.6%
Tonga: Nuku Ľal__aOF
49.3%
What is the 30th and final country of your journey?Kyrgyzstan
49.1%

You're not logged in!

Compare scores with friends on all Sporcle quizzes.
Join for Free
OR
Log In

You Might Also Like...

Show Comments

Extras

Top Quizzes Today


Score Distribution

Your Account Isn't Verified!

In order to create a playlist on Sporcle, you need to verify the email address you used during registration. Go to your Sporcle Settings to finish the process.

Report this User

Report this user for behavior that violates our Community Guidelines.

Details: